| 000 | 00491nam a22001817a 4500 | ||
|---|---|---|---|
| 003 | NUST - PNEC | ||
| 005 | 20170116180810.0 | ||
| 008 | 150407b xxu||||| |||| 00| 0 eng d | ||
| 020 | _a9695032036 | ||
| 040 | _cLIBRARY | ||
| 082 | _a297.90 AKB | ||
| 100 |
_92146 _aAkbar Shah Najeeb Abadi |
||
| 245 |
_aTareekh e Islam Vol.1 _cMaulana Akbar Shah Najeeb Abadi |
||
| 260 |
_aLahore: _bAl Faisal, _cc2003. |
||
| 300 |
_a968 p.: _c24 cm. |
||
| 650 |
_92147 _aIslam, History |
||
| 942 |
_2ddc _cBK |
||
| 999 |
_c63339 _d63339 |
||